Witamy w Bibliotece Naukowej Instytutu Łączności!

Semiconductors / (Rekord nr 11135)

000 -LEADER
fixed length control field 00222 a2200085 4500
245 0# - TITLE STATEMENT
Title Semiconductors /
Statement of responsibility, etc .
250 ## - EDITION STATEMENT
Edition statement 6 edition.
260 ## - PUBLICATION, DISTRIBUTION, ETC. (IMPRINT)
Place of publication, distribution, etc Kluwer :
Name of publisher, distributor, etc Deurne-Antwerp,
Date of publication, distribution, etc 1978.
300 ## - PHYSICAL DESCRIPTION
Extent 281 s.;
Dimensions 24 cm.
710 2# - ADDED ENTRY--CORPORATE NAME
Corporate name or jurisdiction name as entry element Deurne-Antwerp.
Relator term Wydawca
Relator code pbl
Egzemplarze
Withdrawn status Lost status Source of classification or shelving scheme Damaged status Not for loan Permanent Location Current Location Shelving location Date acquired Cost, normal purchase price Inventory number Full call number Barcode Date last seen Price effective from Koha item type
          Instytut Łączności Instytut Łączności Magazyn 1979-09-25 0.00 32295 32295 32295 2022-07-29 2017-11-30 Książki

Działa dzięki Koha